Normal view
MARC view
- Ijaz Husnain (NUST201361503MCES64113F)
Entry Personal Name
001 - CONTROL NUMBER
- control field: 116331
003 - CONTROL NUMBER IDENTIFIER
- control field: NUST
005 - DATE AND TIME OF LATEST TRANSACTION
- control field: 20230912165930.0
008 - FIXED-LENGTH DATA ELEMENTS
- fixed length control field: 230912|| aca||aabn | a|a d
040 ## - CATALOGING SOURCE
- Original cataloging agency: NUST
- Transcribing agency: NUST
100 ## - HEADING--PERSONAL NAME
- Personal name: Ijaz Husnain (NUST201361503MCES64113F)
670 ## - SOURCE DATA FOUND
- Source citation: Work cat.: (NUST): Ijaz Husnain (NUST201361503MCES64113F), Development of thin film photovoltaics based on CZTS absorber, hydrogen doped In2O3 window layers and modeling the economic viability of utility scale power production in Pakistan /, 2017
